| 000 | 00479nam a2200097Ia 4500 | ||
|---|---|---|---|
| 008 | 180130s9999 xx 000 0 und d | ||
| 245 |
_cDuBois, Cathy L.Z.; Astakhova, Marina N.; DuBois, David A. _aMotivating behavior change to support organizational environmental sustainability goals |
||
| 260 | _c2013 | ||
| 300 | _aBook title: Green organizations : driving change with I-O psychology--Acession number C18638; pages 186-207 | ||
| 650 | _aBUSINESS ENTERPRISES--ENVIRONMENTAL ASPECTS | ||
| 999 |
_c354600 _d354600 |
||